La carga de la acreditación de los hechos o de la prueba en los procedimientos de inspección y determinación de oficio (Registro nro. 13831)
[ vista simple ]
| 000 -LEADER | |
|---|---|
| fixed length control field | 00410 a2200109 4500 |
| 001 - CONTROL NUMBER | |
| control field | ART_40608 |
| 005 - DATE AND TIME OF LATEST TRANSACTION | |
| control field | 20260410161646.0 |
| 008 - FIXED-LENGTH DATA ELEMENTS--GENERAL INFORMATION | |
| fixed length control field | 260409a |
| 100 1# - MAIN ENTRY--PERSONAL NAME | |
| Personal name | Caranta, Martín R. |
| 245 10 - TITLE STATEMENT | |
| Title | La carga de la acreditación de los hechos o de la prueba en los procedimientos de inspección y determinación de oficio |
| 773 0# - HOST ITEM ENTRY | |
| Title | Consultor tributario |
| Related parts | - Año 10, Nº 116 (oct. 2016) |
| Record control number | REV474 |
No hay ítems disponibles.